Normal view
MARC view
- Kroenke,David/Auer,david J
Entry Personal Name
001 - CONTROL NUMBER
- control field: 545
003 - CONTROL NUMBER IDENTIFIER
- control field: JO-AjAnu
005 - DATE AND TIME OF LATEST TRANSACTION
- control field: 20230606070408.0
008 - FIXED-LENGTH DATA ELEMENTS
- fixed length control field: 230606|| aca||aabn | a|a d
040 ## - CATALOGING SOURCE
- Original cataloging agency: JO-AjAnu
- Transcribing agency: JO-AjAnu
100 ## - HEADING--PERSONAL NAME
- Personal name: Kroenke,David/Auer,david J
670 ## - SOURCE DATA FOUND
- Source citation: Work cat.: (JO-AjAnu)289: Kroenke,David/Auer,david J, author, Database Processing Fundamentals,Design,and Implementation